[Event "E Chess Grand Prix 1 2022 | Knockout"]
[Site "Chess.com"]
[Date "2022.02.16"]
[Round "2"]
[White "Aronian, Levon"]
[Black "Nakamura, Hikaru"]
[Result "1/2-1/2"]
[WhiteElo "2772"]
[BlackElo "2736"]
[EventDate "2022.??.??"]
[Annotator "Bojkov,Dejan"]
[PlyCount "58"]
[Beauty "6601767391260"]
[EventType "team-tourn"]
[EventCountry "FID"]

1.e4 e5 {So far, a very classical match.} 2.Nf3 Nc6 3.Bc4 {Aronian's choice is the Italian instead of the Ruy Lopez.} 3...Bc5 {The most aggressive development of the bishop.} 4.d3 Nf6 5.O-O d6 6.c3 a6 7.a4 {Nowadays, this advance is more popular than 7.Bb3.} 7...Ba7 8.Na3 {A flexible development and one more route for the knight to reach the f5-outpost.} ( {Although the standard} 8.Nbd2 {is still White's more common choice, as in this recent game.} 8...O-O 9.h3 h6 10.Re1 Re8 11.b4 Be6 12.Bxe6 Rxe6 13.Bb2 Ne7 14.Nf1 Ng6 15.c4 {And White got a bit of a pull in Karjakin,S (2743)-Amin,B (2680) Warsaw 2021} ) 8...Ne7 9.Nc2 Ng6 {Both sides are nicely re-deploying their knights.} 10.Be3 Bxe3 11.Nxe3 O-O 12.a5 {Now, in the case of the hypothetical swap of d-pawns, White's pawn structure will be always somewhat better.} 12...c6 13.Bb3 h6 14.Bc2 Re8 15.Re1 {Both sides are shifting their troops toward the center, where the opening outcome will be finally determined.} 15...Qc7 $146 {Played after more than half an hour of thought $1 Apparently, Nakamura was carefully checking if his active play will work.} ( {They both were likely aware of the email predecessor:} 15...d5 16.exd5 cxd5 17.d4 e4 18.Nd2 Nf4 19.f3 Bd7 20.Kh1 Qc7 21.fxe4 dxe4 22.Ndc4 Bc6 23.Nb6 Rad8 24.Rf1 N4d5 {when, after the central trades, the game petered out into a draw, Keuter,K (2421)-Bastos,P (2460) GER email 2016} ) 16.d4 {The only way to question Black's strategy. If Black does not strike in the center, White will.} 16...exd4 {This is more or less forced positionally, as mentioned above.} 17.Qxd4 c5 {Nakamura's play is very aggressive but risky. If Aronian could manage to fix the weaknesses, Black would suffer till the end of the game.} ( {The immediate} 17...Bg4 {is not convincing due to} 18.Nxg4 Nxg4 19.h3 N4e5 20.Nd2 {when White can later Prepare the f2-f4 advance.} ) 18.Qd2 {This obvious retreat does not promise White anything.} ( {The other two retreats might have promised more. First of all} 18.Qd3 $5 {does not lose a pawn due to the line} 18...Rxe4 $2 ( {However, Nakamura can opt for} 18...Bd7 $5 {when} 19.Red1 ( 19.Rad1 Bc6 20.Qxd6 Qxa5 {is equal.} ) 19...Re6 {Looks fine for Black, one point being that} 20.Bb3 {is plain bad due to} 20...Nf4 $1 ) 19.Nd5 $1 Rxe1+ 20.Rxe1 Nxd5 21.Re8+ $1 {when Black is suddenly not capable of defending.} 21...Kh7 ( 21...Nf8 22.Qh7# ) 22.Qxd5 {Here a freeing} 22...Be6 {is needed but does not work due to the neat} 23.Rxe6 $1 fxe6 24.Qxe6 ) ( {Perhaps the best option was to retreat to the initial square.} 18.Qd1 $5 {Then,} 18...Bg4 {can be met with} ( {And here} 18...Bd7 {could be answered with} 19.c4 $1 Bc6 20.Nd5 Bxd5 21.cxd5 {looking for a favorable Benoni-type structure. Still, it is not quite certain if White has achieved that much.} ) 19.Nxg4 Nxg4 20.Nd2 {followed by Nd2-c4, with a white edge.} ) 18...Bg4 $1 {An equalizer.} ( {Correctly avoiding} 18...Bd7 19.Red1 Re6 20.Bb3 $1 Nxe4 21.Qc2 Ree8 22.Nd5 $1 {with obvious White domination.} ) 19.Nxg4 Nxg4 20.Qd1 {Aronian admits his mistake, but the given tempo can be used by his opponent.} 20...b5 {Once again demonstrating activity.} ( {The other way was} 20...N4e5 21.Nd2 Nf4 {although here Black still has to maneuver carefully.} ) 21.axb6 Qxb6 22.Nd2 {Aronian does not see any advantage for himself and opts for a draw.} ( 22.Rb1 $5 {was the last fighting try.} ) 22...Qxb2 {Carefully calculated, as always.} 23.Nc4 Qxc3 24.Nb6 Rab8 25.Nd5 Qb2 {The only square, but sufficient. The queen needs to stick to the white bishop.} ( 25...Qc4 $2 {loses material after} 26.Ra4 ) 26.Rb1 Qa2 27.Ra1 Qb2 28.Rb1 Qa2 29.Ra1 Qb2 1/2-1/2

[Event "E Chess Grand Prix 1 2022 | Pool B"]
[Site "Chess.com"]
[Date "2022.02.04"]
[Round "1"]
[White "Wojtaszek, Radoslaw"]
[Black "Rapport, Richard"]
[Result "1-0"]
[WhiteElo "2686"]
[BlackElo "2763"]
[EventDate "2022.??.??"]
[Annotator "Bojkov,Dejan"]
[PlyCount "115"]
[Beauty "6530766210570"]
[EventType "game"]
[EventCountry "FID"]

1.d4 e6 2.c4 Bb4+ 3.Bd2 a5 4.Nf3 Nf6 5.g3 {Wojtaszek is one of the greatest experts of the Catalan in the world, and he is notorious for his quality opening preparation.} 5...d5 6.Bg2 dxc4 7.Qc2 ( {Apparently, Rapport was not intimidated by the hot line that the world champion had chosen to practically seal Tata Steel this year:} 7.O-O O-O 8.e3 Ra6 9.Qc2 b5 10.a4 c6 11.Nc3 Rb6 12.e4 Be7 13.e5 Nd5 14.axb5 cxb5 15.Nxd5 exd5 16.Bxa5 {Carlsen,M (2865)-Mamedyarov,S (2767) Wijk aan Zee 2022} ) 7...c5 8.a3 Bxd2+ 9.Nbxd2 cxd4 10.Nxc4 O-O 11.Qd3 $5 $146 {Here comes the novelty $1 Wojtaszek makes sure that his queen will remain on the board, at least for the time being.} ( {In the predecessor, Black managed to defend the endgame after:} 11.Rd1 Nc6 12.O-O Rb8 13.Rd2 Re8 14.Nfe5 Bd7 15.Rfd1 Qc7 16.Nxc6 Bxc6 17.Bxc6 Qxc6 18.Rxd4 b5 19.Ne3 Qxc2 20.Nxc2 Nd5 {Vidit,S (2711)-Melkumyan,H (2660) Douglas 2018} ) 11...Nc6 12.O-O Ra6 {Rapport moves the rook off of the major diagonal, a pure human reaction.} ( {Surprisingly, the seeming blunder} 12...b6 {was in fact playable with the point that after} 13.Nxd4 Qxd4 14.Qxd4 Nxd4 15.Bxa8 Ba6 16.Nxb6 Rb8 {Black somewhat manages to regain his material, for instance} 17.Rfd1 Nb3 18.Rab1 Bxe2 19.Bg2 Bxd1 20.Rxd1 {Nevertheless, White keeps better prospects even at the end of the line thanks to his Catalan bishop.} ) 13.Rfd1 b5 14.Nce5 Bb7 15.Nxc6 Bxc6 16.Qxd4 {And White obtained a certain advantage.} 16...Qa8 {More or less forced, but this means that White is in charge in the center.} ( {The major point behind the Polish GMs prep: in his version, the trade of the queens.} 16...Qxd4 17.Nxd4 Bxg2 18.Kxg2 Rb6 19.Rac1 {Keeps White in full control as he would soon establish a monstrous knight on the c6-square.} ) 17.Rac1 h6 18.Bf1 $3 {A brilliant idea $1 White is going to slowly smother the black minor pieces.} ( {After} 18.Nh4 Bxg2 19.Nxg2 Rc6 {Black would be able to equalize.} ) 18...Bd5 ( {Or else after} 18...Bxf3 19.exf3 Qxf3 20.Bxb5 {the white bishop would dominate as already seen.} ) 19.Ne5 Qb8 {Rapport is very resourceful in the defense and is about to set a devilish trap.} ( {The machine finds an even more amazing defense in the spectacular line} 19...Ra7 $3 20.f3 Nd7 $1 {The first point is to self-pin $1} 21.e4 Nxe5 22.Qxe5 Bc4 $1 {And the second point is to give up a pawn.} 23.Bxc4 bxc4 24.Rxc4 Rd8 25.Rcd4 Rxd4 26.Qxd4 Rb7 $1 {And finally Black generates almost enough play for the sacrificed material.} ) 20.f3 $1 {This is what the Bg2-f1 maneuver was all about $1 The pawn wedge on e4-f3 will completely deprive both the black bishop and knight of any reasonable squares—while opening the d-file for the major white pieces $1} 20...Rd6 $1 {The trap $1} 21.Qc5 $1 {Is rejected $1} ( {The neat point would have been seen in the line} 21.e4 Rdd8 $3 ) 21...Ra6 {Sad, but best.} ( {Black would suffocate badly after} 21...Rfd8 22.e4 Ba8 23.Rxd6 Rxd6 24.Qc8+ Rd8 25.Qxb8 Rxb8 26.Rc7 {and White wins.} ) 22.Qc7 Bc4 $1 {Here too, the sacrifice of a pawn is Black's best try.} 23.Qxb8 Rxb8 24.e4 $1 {And this restriction remains White's best as well. White wants to keep his dominant knight alive, and this would net him the pawn no mater what Black does.} ( {After} 24.Nxc4 bxc4 25.Rxc4 Rab6 $1 {Black would be suddenly alright $1} ( {Rather than} 25...Rxb2 $2 26.Rd8+ Kh7 27.Rc7 ) ) 24...Rab6 ( {Black is suffering in case of} 24...Bxf1 25.Kxf1 ) 25.Rd2 {Wojtaszek knows that his opponent has nowhere to go.} ( 25.Rd4 $5 {looked good as well.} ) ( {That is why White is not in a rush to cash in the pawn with} 25.Bxc4 bxc4 26.Nxc4 Rb3 27.Kf2 {Then Black would have likely sought counterplay with} 27...g5 {anyway.} ) 25...g5 $1 {The nasty pawn pair in the center needs to get unpaired $1} 26.g4 ( {Since} 26.Bxc4 bxc4 27.Nxc4 Rb3 28.Kf2 ( 28.Nxa5 Rxf3 ) 28...g4 {complicates matter for White, to put it mildly.} ) 26...Kg7 27.Bxc4 bxc4 28.Nxc4 {White won a pawn and kept control on both the open files. And still, it is not over.} 28...Rb3 29.Kf2 a4 30.Rcc2 h5 31.h3 hxg4 {Surprisingly, this makes White's task easier.} ( {Stronger was to fix some weaknesses on the kingside with} 31...h4 $1 32.Ne5 R3b5 33.Nd3 Nd7 34.Rc7 Ne5 35.Nxe5 Rxe5 36.Rdd7 Rf8 {And despite the pawn deficit, and the passive rook, Black still holds on $1} ) 32.hxg4 Rh8 33.Ne5 Rb5 ( {The computer-generated} 33...Rh2+ 34.Kf1 Rxd2 35.Rxd2 Nh7 {would hardly occur to any human brain.} ) 34.Nd3 Rh2+ {Now, after some trades in time trouble...} 35.Kf1 Rxd2 36.Rxd2 Nd7 37.Ke2 Kf6 38.Rc2 Rb8 39.Rc4 Ne5 40.Rb4 Rxb4 41.Nxb4 {White reaches a position which should be technically won. After all, as Botvinnik summarized, knight endgames are pawn endgames in disguise...} 41...Nc4 ( 41...Ke7 {was more stubborn.} ) 42.Nd3 ( {For now, White missed a study-like win} 42.Nc6 $3 Nxb2 43.e5+ $1 Kg6 44.Na5 $1 {trapping the black knight $1} ) 42...Ke7 43.Kd1 Kd6 {This is just hopeless.} ( {The last chance was related to the massive pawn trades—as in the line} 43...f5 $1 44.exf5 exf5 45.gxf5 Kf6 46.Kc2 Ne3+ 47.Kc3 Nxf5 48.Kb4 Nd4 {and it is not yet clear if White wins.} ) 44.Kc2 Kc6 45.Kc3 Kb5 46.Kd4 $1 {Centralization cannot be bad.} ( {The alternative was} 46.b3 $1 Nxa3 47.bxa4+ Kxa4 48.Ne5 $1 {winning as well.} ) 46...f6 47.e5 $1 {Wojtaszek is breaking through and the rest is pure technique.} 47...f5 48.gxf5 exf5 49.e6 g4 50.e7 Nd6 51.Kd5 Ne8 52.f4 g3 53.Ne1 Ng7 54.Ng2 Kb6 55.Kd6 Kb5 56.Ne3 Kb6 57.Kd7 Kc5 58.e8=Q ( 58.e8=Q Nxe8 59.Kxe8 Kd4 60.Nxf5+ ) 1-0

[Event "E Grand Chess Prix 1 All Pools 2022"]
[Site "Chess.com"]
[Date "2022.02.05"]
[Round "2"]
[White "Shirov, Alexei"]
[Black "Dominguez Perez, Leinier"]
[Result "0-1"]
[WhiteElo "2704"]
[BlackElo "2752"]
[EventDate "2022.??.??"]
[Annotator "Bojkov,Dejan"]
[PlyCount "76"]
[Beauty "7770690554917"]
[EventType "team-tourn"]
[EventCountry "FID"]

1.e4 c5 {Dominguez mainly uses the solid open games against strong opposition, but today he decided to play big and opted for his beloved Sicilian.} 2.Nc3 d6 3.d4 cxd4 4.Qxd4 {Probably this line was the reason. Shirov had used it quite a bit lately, and Black had prepared well for it.} 4...Nc6 5.Qd2 g6 6.b3 Bh6 {Asking White the awkward question: do you trade the dark-squared bishops, which would be an opening failure, or do you self-pin $2} 7.f4 Nf6 ( {Another recent game of Shirov's went:} 7...f5 8.Bb2 Nf6 9.O-O-O Rf8 10.exf5 Bxf5 11.Bb5 Qb6 12.Re1 O-O-O 13.Nf3 e5 {Shirov,A (2704)-Santos Latasa,J (2639) Salamanca 2021} ) 8.Bb2 O-O 9.O-O-O e5 {Black is practically blitzing and Shirov starts to take time on his clock. In fact, for the next three (still known moves) the Latvian-born-Spanish GM would spend more than an hour of his precious time.} 10.g3 Re8 {An obvious and strong move. It is Dominguez who is better developed, thus he is the one seeking a quick opening of the center.} ( {Another interesting top-level game went} 10...exf4 11.gxf4 Re8 12.Bd3 Bg4 13.Nge2 Qa5 14.Kb1 Bxe2 15.Qxe2 Bxf4 16.Bc4 Be5 {Andriasian,Z (2887)-Firouzja,A (3053) Chess.com INT 2019} ) 11.Kb1 Nd4 12.Bg2 Bg4 13.Rf1 d5 $1 {Of course $1 Black is hardly trying to take over the initiative. And notice: he does this while heavily on top on the clock.} 14.h3 $1 $146 {This logical move is a novelty.} ( {The predecessor saw:} 14.exd5 Bf5 ( 14...Rc8 $5 {at once also looks appealing.} ) 15.Rc1 b5 16.Nge2 b4 {With an initiative for Black, who emerged victorious after} 17.Na4 Nxd5 ( {Perhaps even stronger was} 17...Nxe2 $1 18.Qxe2 exf4 ) 18.Nxd4 exd4 19.Bxd4 Qa5 {Di Nicolantonio,L (2408)-Lamard,G (2452) Paris 2019} ) ( {Also} 14.Nxd5 {changes little due to} 14...Nxd5 15.exd5 Rc8 16.Rc1 Bf5 {with Black's edge.} ) 14...Be6 {Black also starts to think a lot and this would soon lead to mutual time-trouble.} 15.g4 {Fire on board $1} ( {After} 15.exd5 {Black could have switched back to the predecessor with} 15...Bf5 $1 ) 15...Nxe4 ( {Certainly not} 15...Bxf4 $2 16.Rxf4 exf4 17.Qxd4 ) 16.Nxe4 dxe4 17.Bxe4 Rc8 {The center has been opened and both sides start their walk into the minefield.} 18.Qd3 {Unpinning seems best.} ( {The other logical move was to develop at once with} 18.Ne2 Nxe2 19.Qxe2 {with the idea} 19...Bxf4 ( {However} 19...exf4 $1 {is stronger, and better for the second player.} ) 20.Bxb7 ) 18...Qa5 {A risky affair.} ( {Safer was to deprive White of his next resource with} 18...f5 $5 19.gxf5 Nxf5 {The threat of a fork on the g3-square practically forces White to swap the queens after} 20.Ne2 Qxd3 21.cxd3 exf4 22.Nxf4 Ng3 23.Nxe6 Nxe4 24.dxe4 Rxe6 {which should be approximately equal.} ) 19.f5 $1 {The logical follow-up which, however, has a hidden flaw.} 19...Bd5 {The most logical move.} ( {But there was this amazing, unbelievable resource instead} 19...Nxc2 $3 20.fxe6 Nb4 $1 21.exf7+ Kh8 $3 {In the spirit of the Spassky-Bronstein game, Black can sacrifice a rook with a check, adding a knight and a pawn on the road. Still, after} ( {Notice that} 21...Kg7 $2 {does not work due to the underpromotion} 22.fxe8=N+ Rxe8 23.Qd7+ {and White wins.} ) 22.fxe8=Q+ Rxe8 {White, who is up heavily on material, will have to part with loads of material to safeguard his king. First, the queen would leave after} 23.a4 Nxd3 24.Bxd3 {But then there is also the double-attack} 24...Qd5 $1 {that wins a whole rook more for Black and then} 25.Bc4 Qe4+ $1 26.Ka1 Qxh1 {should be big edge for the second player.} ) 20.Rh2 ( {Apparently, Dominguez was not afraid of} 20.Bxd5 Qxd5 21.Ne2 Rxc2 22.Nxd4 Rxb2+ 23.Kxb2 exd4 {as he lost a similar situation with the white pieces against the world champion.} ) 20...Bxe4 21.Qxe4 Nb5 {Again the most logical continuation. This knight is looking for glory $1} ( {Here} 21...Qa6 22.Re1 Bf4 23.Rf2 g5 {might be better according to the machine.} ) 22.Qxb7 {Shirov decided to risk it and snack on the pawn.} ( {This was the last good moment to finally bring the knight into the game with} 22.Ne2 {when White needs not to fear} 22...Na3+ ( {Perhaps Shirov disliked} 22...Nd6 {but there, too, he has good play with} 23.Qh1 $1 Bf4 24.Nxf4 exf4 25.fxg6 hxg6 26.a4 ) 23.Bxa3 Qxa3 24.fxg6 fxg6 25.g5 Bxg5 26.h4 {with nice attacking prospects for the first player.} ) 22...Nd6 {The point behind the maneuver. Dominguez wants to bring his passer into motion while opening the important long diagonal.} ( {Although there was nothing wrong with} 22...Nc3+ 23.Bxc3 Qxc3 24.Qe4 Red8 25.Ne2 Qc5 {when Black should have enough for the pawn.} ) 23.Qf3 e4 24.Qd1 {Stepping on a mine...} ( {Correct was} 24.Qf2 $1 {hitting the f7-pawn and thus preventing} 24...Nb5 ( {True, there is the highly dangerous idea} 24...e3 $1 25.Qh4 Bg7 26.Bxg7 Ne4 $3 {when the forcing play} 27.fxg6 fxg6 28.Bd4 Nd2+ 29.Rxd2 exd2 30.Nf3 Rxc2 $3 {leads, as strange as it looks, to a draw, at least after a quick engine tackling} 31.Kxc2 Qxa2+ 32.Kc3 Rc8+ 33.Kd3 Qc2+ 34.Ke3 Re8+ 35.Be5 Qc1 36.Rxc1 dxc1=Q+ 37.Kf2 g5 38.Qh6 Rxe5 39.Nxe5 Qc5+ ) 25.fxg6 $1 ) 24...Nb5 $1 {Back to the c3-spot $1 Once the diagonal has been opened, both sides want to have it, no matter the price.} 25.c4 ( {Alas, it is too late for} 25.Ne2 Qc7 26.Rg2 Red8 $1 {when White cannot defend his c2-root-pawn.} ) 25...Nc3+ 26.Bxc3 Qxc3 {Practically, it is over. The huge battery on the long diagonal leaves the white pieces horribly fragile.} 27.Rc2 Qe5 $1 {Luring the white queen away from the first rank.} ( {Correctly avoiding} 27...Qf6 28.fxg6 $1 ) 28.Qd5 Qf6 {Now the rook on f1 is hanging.} 29.a3 ( {Once more, there is no time to activate the knight with} 29.Ne2 Bg7 30.Nc3 Rcd8 31.Qb5 a6 32.Qb7 Re7 33.Qb4 e3 {and Black should destroy the opponent's defenses soon.} ) 29...Bg7 ( 29...Rcd8 $1 {would have been equally good.} ) 30.Ka2 Rcd8 31.Qa5 Rd3 {The decisive infiltration begins. The Cuban-born-American GM will force more weaknesses first.} 32.Ne2 Rb8 33.b4 Rbd8 {Both players are in horrible time trouble, but it is far easier to attack than to defend when low on time.} ( {There was also the beautiful idea} 33...Rc8 34.c5 Qc6 35.Nf4 e3 $3 ) 34.b5 {Missing his last chance.} ( {Which was connected with} 34.g5 $1 {and if the automatic} 34...Qxg5 {White can get rid of the queens with} ( {Black should be still able to win with} 34...Qd6 $1 35.f6 Rd2 ) 35.fxg6 Qxa5 36.gxf7+ Kf8 37.bxa5 ) 34...e3 35.Rfc1 Rd2 {With the threat of Qf6-b2+ above all.} 36.Kb3 R8d3+ 37.Rc3 ( {Or} 37.Nc3 Rxc2 38.Rxc2 e2 $1 ) 37...Qd6 {All the black pieces are involved and Shirov's position collapses.} 38.Qxa7 Rxe2 {A pretty attack by Dominguez $1} 0-1